[Event "CHN-chT"]
[Site "Beijing"]
[Date "2012.07.13"]
[Round "9"]
[White "Sukandar, Irine Kharisma"]
[Black "Kuang, Yinghui"]
[Result "1-0"]
[WhiteElo "2349"]
[BlackElo "2205"]
[PlyCount "131"]
[EventDate "2012.04.28"]
[EventType "team-tourn"]
[EventRounds "22"]
[EventCountry "CHN"]
[SourceTitle "EXT 2013"]
[Source "ChessBase"]
[SourceDate "2012.11.22"]
[SourceVersion "1"]
[SourceVersionDate "2012.11.22"]
[SourceQuality "1"]
[WhiteTeam "Tianjin"]
[BlackTeam "Guangdong"]
[WhiteTeamCountry "CHN"]
[BlackTeamCountry "CHN"]

1. e4 Nf6 2. e5 Nd5 3. c4 Nb6 4. d4 d6 5. exd6 cxd6 6. Nc3 g6 7. Be3 Bg7 8. Rc1 0-0 9. b3 Nc6 10. Be2 a6 11. d5 Ne5 12. f4 Ned7 13. Nf3 Nf6 14. 0-0 Bg4 15. h3 Bxf3 16. Bxf3 Nbd7 17. Qd2 Qa5 18. Rfd1 b5 19. Ne2 Qxd2 20. Rxd2 bxc4 21. bxc4 Nc5 22. Nd4 Nfe4 23. Rdc2 Bxd4 24. Bxd4 f5 25. Rb1 Rfc8 26. Rb6 Rab8 27. Rcb2 Rxb6 28. Rxb6 h5 29. Be2 Kf7 30. Kf1 Rc7 31. Ke1 Rb7 32. Rxb7 Nxb7 33. Kd1 Nbc5 34. Kc2 Ke8 35. Bf3 Kd7 36. Bxe4 Nxe4 37. a4 Kc7 38. a5 Kd7 39. Kd3 Ke8 40. Bb6 Kd7 41. Kd4 Nd2 42. Kc3 Ne4+ 43. Kd3 e6 44. dxe6+ Kxe6 45. Kd4 Kd7 46. c5 dxc5+ 47. Bxc5 Kc6 48. Bb6 Kd6 49. Ba7 Nf6 50. Bc5+ Kc6 51. Bb4 Nd7 52. Be7 Kb5 53. Kd5 Kxa5 54. Kc6 Nb8+ 55. Kc7 Kb5 56. Kxb8 a5 57. Kc7 Kc4 58. Kd6 Kd4 59. Ke6 Ke4 60. Bd6 a4 61. Kf6 a3 62. Bxa3 Kxf4 63. Bd6+ Ke3 64. Kxg6 Kf2 65. g3 Kg2 66. h4 1-0

[Event "CHN-chT 6th"]
[Site "China"]
[Date "2010.11.04"]
[Round "18"]
[White "Kuang, Yinghui"]
[Black "Ning, Chunhong"]
[Result "1/2-1/2"]
[WhiteElo "2202"]
[BlackElo "2347"]
[PlyCount "98"]
[EventDate "2010.04.16"]
[EventType "team-tourn"]
[EventRounds "18"]
[EventCountry "CHN"]
[SourceTitle "EXT 2011"]
[Source "ChessBase"]
[SourceDate "2010.11.26"]
[SourceVersion "1"]
[SourceVersionDate "2010.11.26"]
[SourceQuality "1"]

1. e4 e6 2. d3 d5 3. Nd2 Nf6 4. g3 dxe4 5. dxe4 e5 6. Bg2 Nc6 7. Ngf3 Bc5 8. 0-0 0-0 9. Qe2 Qe7 10. c3 a5 11. Nh4 Bg4 12. Qb5 Bb6 13. h3 Be6 14. Nf5 Qd7 15. g4 Rad8 16. Nb3 Qd3 17. Qxd3 Rxd3 18. Bg5 Rfd8 19. Rae1 Bc4 20. Ne3 Bxe3 21. fxe3 Bxb3 22. axb3 R8d6 23. Bxf6 gxf6 24. Rf2 Kg7 25. Bf1 Rd1 26. Rxd1 Rxd1 27. Rc2 Nd8 28. Kf2 Ne6 29. b4 a4 30. Be2 Rh1 31. Kg2 Ra1 32. Rd2 Rc1 33. h4 Nf8 34. Bb5 Ra1 35. Kf3 Ng6 36. Rd7 Rg1 37. Bxa4 Nxh4+ 38. Kf2 Rxg4 39. Rxc7 Rg2+ 40. Kf1 Rxb2 41. Be8 Ng2 42. Rxf7+ Kg6 43. Rxb7+ Kh6 44. b5 Nxe3+ 45. Kg1 f5 46. exf5 Nxf5 47. Bc6 Kg5 48. Rxh7 Nd6 49. Rd7 Nxb5 1/2-1/2

[Event "CHN-chT 6th"]
[Site "China"]
[Date "2010.11.03"]
[Round "17"]
[White "Kuang, Yinghui"]
[Black "Li, Xueyi"]
[Result "1/2-1/2"]
[WhiteElo "2202"]
[BlackElo "1957"]
[PlyCount "137"]
[EventDate "2010.04.16"]
[EventType "team-tourn"]
[EventRounds "18"]
[EventCountry "CHN"]
[SourceTitle "EXT 2011"]
[Source "ChessBase"]
[SourceDate "2010.11.26"]
[SourceVersion "1"]
[SourceVersionDate "2010.11.26"]
[SourceQuality "1"]

1. e4 c6 2. b3 d5 3. exd5 cxd5 4. Bb2 Nc6 5. Nf3 Nf6 6. Be2 Bf5 7. 0-0 e6 8. a3 Bd6 9. b4 a6 10. d3 h6 11. Nbd2 0-0 12. c4 Re8 13. Qb3 d4 14. Rfe1 e5 15. Nf1 Be6 16. Qc2 Rc8 17. N3d2 b5 18. Bf3 a5 19. Bxc6 Rxc6 20. c5 axb4 21. axb4 Bc7 22. Ne4 Nd5 23. Qd2 f5 24. Nfg3 Nf4 25. f3 Rf8 26. Bc1 Bd5 27. Qd1 Ng6 28. Re2 Nh4 29. Rf2 Rg6 30. Ra3 Qd7 31. Bd2 Qc6 32. Be1 Nxg2 33. Kxg2 f4 34. Nd2 fxg3 35. hxg3 Rxg3+ 36. Kxg3 Qg6+ 37. Kh2 e4+ 38. Kh1 e3 39. Rg2 Qh5+ 40. Kg1 exd2 41. Qxd2 Bxf3 42. Ra7 Bxg2 43. Qxg2 Qd1 44. Qd2 Qg4+ 45. Qg2 Qf4 46. Bd2 Qe5 47. Ra6 Rf6 48. Rxf6 Qxf6 49. Qe4 Bg3 50. Qg2 Qe5 51. Qf3 h5 52. Kg2 h4 53. Qg4 Qf6 54. Qf3 Qg6 55. Kh3 Qe6+ 56. Kg2 Bc7 57. Bf4 h3+ 58. Kh2 Bxf4+ 59. Qxf4 Qe2+ 60. Kxh3 Qxd3+ 61. Kh4 Qc4 62. Qe4 Kf8 63. Qf4+ Ke7 64. Qe5+ Kf7 65. Qf5+ Ke7 66. Qe5+ Kf8 67. Qf4+ Kg8 68. Qe4 Kf8 69. Qf4+ 1/2-1/2

[Event "CHN-chT 6th"]
[Site "China"]
[Date "2010.06.09"]
[Round "6"]
[White "Kuang, Yinghui"]
[Black "Dzagnidze, Nana"]
[Result "1/2-1/2"]
[WhiteElo "2202"]
[BlackElo "2479"]
[PlyCount "111"]
[EventDate "2010.04.16"]
[EventType "team-tourn"]
[EventRounds "18"]
[EventCountry "CHN"]
[SourceTitle "CBM 136 Extra"]
[Source "ChessBase"]
[SourceDate "2010.07.02"]
[SourceVersion "2"]
[SourceVersionDate "2010.07.15"]
[SourceQuality "1"]

1. e4 c6 2. d4 d5 3. Nc3 dxe4 4. Nxe4 Nd7 5. Nf3 Ngf6 6. Nxf6+ Nxf6 7. Be2 Bg4 8. 0-0 e6 9. c3 Bd6 10. Ne5 Bxe2 11. Qxe2 Qc7 12. h3 Nd5 13. Bd2 0-0 14. c4 Ne7 15. Bc3 Rad8 16. Rad1 Nf5 17. Rfe1 Rfe8 18. Qc2 c5 19. dxc5 Bxc5 20. b3 f6 21. Nf3 a5 22. Rxd8 Qxd8 23. Rd1 Qc7 24. Qd2 b6 25. Qd7 Qxd7 26. Rxd7 e5 27. Kf1 Re7 28. Rxe7 Nxe7 29. Ne1 Nc6 30. Nc2 Kf7 31. a3 Ke6 32. b4 Be7 33. Ke2 h5 34. f3 g6 35. Bd2 f5 36. Be3 axb4 37. axb4 Bxb4 38. Bxb6 Kd6 39. Be3 Bc5 40. Bh6 Nd8 41. Ne3 Bxe3 42. Bxe3 Ne6 43. Kd3 h4 44. Kc3 g5 45. Kb4 Kc6 46. c5 Nf4 47. Kc4 Ne6 48. Kb4 Kd5 49. Kb5 f4 50. Bf2 e4 51. fxe4+ Kxe4 52. c6 f3 53. gxf3+ Kxf3 54. Bc5 Kg3 55. Be7 Kxh3 56. Bxg5 1/2-1/2

[Event "CHN-chT Torch Real Estate Cup"]
[Site "Jiangsu Wuxi"]
[Date "2008.10.30"]
[Round "12"]
[White "Qin, Kanying"]
[Black "Kuang, Yinghui"]
[Result "1-0"]
[WhiteElo "2465"]
[BlackElo "2264"]
[PlyCount "59"]
[EventDate "2008.05.19"]
[EventType "team-tourn"]
[EventRounds "12"]
[EventCountry "CHN"]
[SourceTitle "EXT 2009"]
[Source "ChessBase"]
[SourceDate "2008.11.26"]
[SourceVersion "1"]
[SourceVersionDate "2008.11.26"]
[SourceQuality "1"]

1. e4 c5 2. Nf3 Nc6 3. Bb5 g6 4. 0-0 Bg7 5. c3 Nf6 6. e5 Nd5 7. d4 cxd4 8. cxd4 0-0 9. Nc3 Nxc3 10. bxc3 d6 11. exd6 Qxd6 12. a4 Qc7 13. Ba3 Rd8 14. Re1 e6 15. Ng5 Ne7 16. Qb3 Nd5 17. Ne4 b6 18. c4 Nf4 19. d5 Bxa1 20. Rxa1 Ne2+ 21. Kf1 Nd4 22. Qc3 e5 23. d6 Qb7 24. Qe3 Bh3 25. gxh3 f5 26. Nf6+ Kh8 27. Nd5 Qg7 28. Bb2 a6 29. Rd1 axb5 30. Rxd4 1-0

[Event "CHN-chT Torch Real Estate Cup"]
[Site "Jiangsu Wuxi"]
[Date "2008.05.20"]
[Round "8"]
[White "Kuang, Yinghui"]
[Black "Gu, Xiaobing"]
[Result "1-0"]
[WhiteElo "2264"]
[BlackElo "2225"]
[PlyCount "129"]
[EventDate "2008.05.19"]
[EventType "team-tourn"]
[EventRounds "12"]
[EventCountry "CHN"]
[SourceTitle "EXT 2009"]
[Source "ChessBase"]
[SourceDate "2008.11.26"]
[SourceVersion "1"]
[SourceVersionDate "2008.11.26"]
[SourceQuality "1"]

1. b3 e5 2. Bb2 Nc6 3. d3 Nf6 4. Nf3 Bc5 5. e3 d6 6. Be2 0-0 7. 0-0 Re8 8. Nbd2 a5 9. a3 Ba7 10. h3 h6 11. c4 Bf5 12. Re1 Qd7 13. Nf1 Bh7 14. N3h2 d5 15. Ng4 Nxg4 16. Bxg4 Qd6 17. Bf3 Ne7 18. d4 e4 19. c5 Qe6 20. Be2 c6 21. b4 Bb8 22. b5 Bf5 23. bxc6 bxc6 24. Ng3 Bxg3 25. fxg3 Bxh3 26. gxh3 Qxh3 27. Bf1 Qxg3+ 28. Bg2 Nf5 29. Qe2 Re6 30. Qf2 Qg5 31. Qf4 Qh5 32. Qh2 Nh4 33. Kh1 Rg6 34. Rg1 Rg5 35. Raf1 Nf5 36. Bh3 Nxe3 37. Rxg5 hxg5 38. Re1 Qf3+ 39. Kg1 g4 40. Bf1 g3 41. Qe2 Qxe2 42. Rxe2 Nxf1 43. Kxf1 f5 44. Bc1 Rb8 45. Kg2 Rb1 46. Bf4 Ra1 47. Re3 Ra2+ 48. Kxg3 Rd2 49. Rxe4 Rd3+ 50. Re3 Rxd4 51. Re6 Kf7 52. Rxc6 g5 53. Bd6 Rd3+ 54. Kf2 d4 55. Be5 f4 56. Rh6 Rd2+ 57. Ke1 Rd3 58. Kf2 Rd2+ 59. Kf3 d3 60. c6 Rc2 61. c7 d2 62. Ke2 f3+ 63. Kd1 Rc5 64. Rf6+ Ke7 65. Bd6+ 1-0